000 01010cam a22003137a 4500
003 CHAP
005 20220817043253.0
008 971013s1981 r 00010 d
010 _a70057
011 _a71029
035 _a80583
040 _cCHAP
082 _a338.17
_bC4
110 _aCentro Internacional de Investigaciones para el Desarrollo
245 1 2 _aA decade of learning
_b: International Development Research Centre : agriculture, food and nutrition
260 _aOttawa :
_bIDRC,
_c1981
300 _a180 p.
_b: Ilus.
490 0 _aIDRC - 170e)
500 _aD19-90
590 _aBATCH-UPD
_b10
_c20130110
_lUCH01
_h0808
590 _aBATCH-UPD
_b10
_c20130410
_lUCH01
_h0446
590 _aBATCH-UPD
_b10
_c20130914
_lUCH01
_h1629
590 _aCONVERSION
_b10
_c20130109
_lUCH01
_h1338
650 1 4 _aOrganismos Internacionales Agrícolas.
_983526
830 0 _aIDRC - 170e)
_957299
901 _aBK
942 _cLIBRO
949 _a338.17 C4
_bBC
_cLIBRO
_d33724000155842
_eLIBRO
_h73622
_i80583
_si
999 _c70057
_d70057